Prontuario de mecánica (Record no. 135356)

MARC details
000 -LEADER
campo de control de longitud fija 00655nam a2200217 i 4500
001 - NÚMERO DE CONTROL
campo de control 135356
003 - IDENTIFICADOR DE NÚMERO DE CONTROL
campo de control ES-MaACL
005 - FECHA Y HORA DE LA ÚLTIMA TRANSACCIÓN
campo de control 20250814045708.0
007 - CAMPO FIJO DE DESCRIPCIÓN FÍSICA--INFORMACIÓN GENERAL
campo de control de longitud fija t|
008 - DATOS DE LONGITUD FIJA--INFORMACIÓN GENERAL
campo de control de longitud fija 070716s1959 sp ||||1| spa d
080 ## - NÚMERO DE LA CLASIFICACIÓN DECIMAL UNIVERSAL
Número de la Clasificación Decimal Universal 531.01(075.8)
100 1# - ENTRADA PRINCIPAL--NOMBRE DE PERSONA
Nombre de persona Torio, Francisco.
9 (RLIN) 110644
245 10 - MENCIÓN DEL TÍTULO
Título Prontuario de mecánica
Resto del título : elasticidad y fluídos /
Mención de responsabilidad, etc. Francisco Torio.
260 ## - PUBLICACIÓN, DISTRIBUCIÓN, ETC.
Lugar de publicación, distribución, etc. Madrid :
Nombre del editor, distribuidor, etc. [Versal,
Fecha de publicación, distribución, etc. 1959]
300 ## - DESCRIPCIÓN FÍSICA
Extensión 187 p. :
Otras características físicas il. ;
Dimensiones 16 cm.
490 1# - MENCIÓN DE SERIE
Mención de serie Selectivo Universitario
650 07 - PUNTO DE ACCESO ADICIONAL DE MATERIA--TÉRMINO DE MATERIA
Término de materia o nombre geográfico como elemento de entrada Mecánica
Fuente del encabezamiento o término embne
9 (RLIN) 14869
830 0# - PUNTO DE ACCESO ADICIONAL DE SERIE-TÍTULO UNIFORME
Título uniforme Selectivo Universitario
9 (RLIN) 219916
852 ## - LOCALIZACIÓN
Ubicación ES-MaACL
Número de control de estantería E-3873
Sublocalización o colección R.45044
Holdings
Estatus retirado Estado de pérdida Estado de daño No para préstamo Biblioteca de origen Biblioteca actual Ubicación en estantería Fecha de adquisición Fuente de adquisición Total de préstamos Signatura topográfica completa Código de barras Visto por última vez Precio de reemplazo Tipo de ítem Koha
        Biblioteca del Ateneo de Madrid Biblioteca del Ateneo de Madrid Depósito 2 17/01/2008     E-3873 1140882 23/02/2023 23/02/2023 Libro impreso